000 00604nam a2200253Ia 4500
005 20260121160659.0
008 008 260114s9999 xx 000 0 eng d
020 _a9780429477089
037 _aEBOOK
040 _aCRL
040 _beng
040 _cCRL
041 _2eng
041 _aeng
084 _qCRL
100 _a Arturo Varchevker
_91034959
245 0 _aMarried Life and its Vicissitudes
260 _bTaylor and Francis
260 _c2016
856 _uhttp://www.taylorfrancis.com/books/9780429477089
942 _cEBOOK
999 _c1601775
_d1601775